[Event "43. Olimpiada Batumi 2018 Femenina"]
[Site "Batumi GEO"]
[Date "2018.10.04"]
[Round "10.2"]
[White "Mkrtchian, Lilit"]
[Black "Mamedjarova, Zeinab"]
[Result "1/2-1/2"]
[WhiteElo "2384"]
[BlackElo "2358"]
[PlyCount "73"]
[EventDate "2018.09.24"]
[EventType "team-swiss"]
[EventRounds "11"]
[EventCountry "GEO"]
[SourceTitle "Ajedrez en Madrid"]
[Source "lmi"]
[SourceDate "2018.09.24"]
[WhiteTeam "Armenia"]
[BlackTeam "Azerbaijan"]
[WhiteTeamCountry "ARM"]
[BlackTeamCountry "AZE"]

1. d4 d5 2. c4 e6 3. Nc3 c6 4. e3 Nf6 5. Nf3 Be7 6. Bd3 O-O 7. O-O Nbd7 8. Qc2
dxc4 9. Bxc4 c5 10. Rd1 Qc7 11. b3 a6 12. Be2 b5 13. a4 b4 14. Ne4 Nxe4 15.
Qxe4 Bb7 16. Qc2 Rac8 17. Bb2 Qa5 18. dxc5 Rxc5 19. Qd2 Nf6 20. Rac1 Rxc1 21.
Rxc1 Rd8 22. Qe1 h6 23. Nd4 Qb6 24. Bf3 Ne4 25. Qe2 Bf6 26. Qc2 Nc3 27. Bxb7
Bxd4 28. exd4 Qxb7 29. Bxc3 Rc8 30. Qd3 bxc3 31. Rxc3 Rd8 32. Qe3 Qb6 33. Rd3
Rd5 34. h3 Qd8 35. f4 a5 36. Qe4 h5 37. Qe3 1/2-1/2

[Event "43. Olimpiada Batumi 2018 Femenina"]
[Site "Batumi GEO"]
[Date "2018.10.04"]
[Round "10.3"]
[White "Balajayeva, Khanim"]
[Black "Sargsyan, Anna M"]
[Result "1/2-1/2"]
[WhiteElo "2326"]
[BlackElo "2331"]
[PlyCount "122"]
[EventDate "2018.09.24"]
[EventType "team-swiss"]
[EventRounds "11"]
[EventCountry "GEO"]
[SourceTitle "Ajedrez en Madrid"]
[Source "lmi"]
[SourceDate "2018.09.24"]
[WhiteTeam "Azerbaijan"]
[BlackTeam "Armenia"]
[WhiteTeamCountry "AZE"]
[BlackTeamCountry "ARM"]

1. e4 c6 2. Nf3 d5 3. exd5 cxd5 4. Ne5 Nf6 5. d4 Nc6 6. c3 g6 7. Bb5 Bd7 8.
Nxd7 Qxd7 9. O-O Bg7 10. Nd2 O-O 11. Re1 e6 12. Nf3 Qc7 13. Bd3 a6 14. a4 Rab8
15. Bg5 b5 16. Qd2 Qb7 17. axb5 axb5 18. Ne5 Nd7 19. Nxc6 Qxc6 20. Be7 Rfe8 21.
Bb4 Bf8 22. Bxf8 Nxf8 23. Ra7 b4 24. Rea1 bxc3 25. bxc3 Rec8 26. h4 Rb7 27.
Rxb7 Qxb7 28. h5 Qb3 29. Rc1 gxh5 30. f4 Ng6 31. f5 exf5 32. Bxf5 Ra8 33. Rf1
Re8 34. Bb1 Qb5 35. Qf2 Re7 36. Ba2 Qa5 37. c4 Ra7 38. Bb1 dxc4 39. d5 Rb7 40.
Qf3 Qc5+ 41. Kh1 Rc7 42. Re1 Re7 43. Rxe7 Qxe7 44. Be4 Qh4+ 45. Kg1 Qe1+ 46.
Kh2 Ne5 47. Bxh7+ Kxh7 48. Qxh5+ Kg7 49. d6 Ng6 50. d7 Qd2 51. Qh3 c3 52. d8=Q
Qxd8 53. Qxc3+ Qf6 54. Qc8 Ne5 55. Kg1 Qf4 56. Qc3 Kg6 57. Qc2+ Qf5 58. Qb2 Ng4
59. g3 Qf3 60. Qb1+ Kh6 61. Qg6+ Kxg6 1/2-1/2

[Event "43. Olimpiada Batumi 2018 Femenina"]
[Site "Batumi GEO"]
[Date "2018.10.04"]
[Round "10.4"]
[White "Kursova, Maria"]
[Black "Mammadova, Gulnar"]
[Result "1/2-1/2"]
[WhiteElo "2289"]
[BlackElo "2355"]
[PlyCount "80"]
[EventDate "2018.09.24"]
[EventType "team-swiss"]
[EventRounds "11"]
[EventCountry "GEO"]
[SourceTitle "Ajedrez en Madrid"]
[Source "lmi"]
[SourceDate "2018.09.24"]
[WhiteTeam "Armenia"]
[BlackTeam "Azerbaijan"]
[WhiteTeamCountry "ARM"]
[BlackTeamCountry "AZE"]

1. d4 e6 2. c4 f5 3. Nf3 Nf6 4. g3 g6 5. Bg2 Bg7 6. O-O d6 7. Nc3 O-O 8. b3 Qe7
9. Bb2 Nc6 10. d5 Nd8 11. dxe6 Nxe6 12. Nd5 Qf7 13. Qc2 Ne4 14. e3 Bd7 15. Bxg7
Qxg7 16. Nd2 Nxd2 17. Qxd2 Rad8 18. b4 c6 19. Nc3 Nc7 20. Ne2 Be6 21. Rac1 Qf7
22. Qc2 a6 23. Rfd1 d5 24. c5 d4 25. Rxd4 Rxd4 26. Nxd4 Bxa2 27. Rd1 Bd5 28.
Bxd5 Nxd5 29. Qc4 Re8 30. Nf3 Re4 31. Rd4 Rxd4 32. Qxd4 Qf6 33. Ne5 Nxb4 34.
Qxb4 Qxe5 35. Qxb7 Qxc5 36. Qxa6 Qd5 37. Qc8+ Kg7 38. Qc7+ Kg8 39. Qc8+ Kg7 40.
Qc7+ Kg8 1/2-1/2

[Event "43. Olimpiada Batumi 2018 Femenina"]
[Site "Batumi GEO"]
[Date "2018.10.04"]
[Round "10.1"]
[White "Vo, Thi Kim Phung"]
[Black "Hoang, Thanh Trang"]
[Result "0-1"]
[WhiteElo "2368"]
[BlackElo "2423"]
[PlyCount "112"]
[EventDate "2018.09.24"]
[EventType "team-swiss"]
[EventRounds "11"]
[EventCountry "GEO"]
[SourceTitle "Ajedrez en Madrid"]
[Source "lmi"]
[SourceDate "2018.09.24"]
[WhiteTeam "Vietnam"]
[BlackTeam "Hungary"]
[WhiteTeamCountry "VIE"]
[BlackTeamCountry "HUN"]

1. d4 f5 2. Nf3 Nf6 3. c4 g6 4. g3 Bg7 5. Bg2 O-O 6. Nc3 d6 7. O-O c6 8. h3 Qc7
9. Qb3 Kh8 10. Rd1 Na6 11. Be3 Nh5 12. Bg5 h6 13. Bc1 e5 14. e4 Qf7 15. Qa3
exd4 16. Nxd4 fxe4 17. Be3 d5 18. cxd5 cxd5 19. Qd6 Nf6 20. Nde2 Bf5 21. g4
Rfd8 22. Qg3 Be6 23. Qh4 Kh7 24. Ng3 Nb4 25. g5 Nd7 26. Nce2 Nd3 27. Rab1 N7e5
28. b3 Rac8 29. Nd4 Rf8 30. Rf1 Bd7 31. f4 Nc6 32. Nge2 Nxd4 33. Nxd4 h5 34. f5
gxf5 35. Ne2 Be5 36. Rbd1 Qg6 37. Rxd3 exd3 38. Nf4 Bxf4 39. Bxf4 Rc2 40. Bf3
Be8 41. Re1 Bf7 42. Kh1 Re8 43. Rd1 d4 44. Kg1 d2 45. Bxd2 d3 46. Kf1 Rxa2 47.
Qf4 Kg8 48. Bc3 Qb6 49. Bd4 Qe6 50. Qg3 f4 51. Qh4 Qe2+ 52. Bxe2 dxe2+ 53. Ke1
exd1=Q+ 54. Kxd1 Re4 55. Bf6 Bg6 56. Bc3 Rg2 0-1

[Event "43. Olimpiada Batumi 2018 Femenina"]
[Site "Batumi GEO"]
[Date "2018.10.04"]
[Round "10.2"]
[White "Gara, Anita"]
[Black "Pham, Le Thao Nguyen"]
[Result "0-1"]
[WhiteElo "2370"]
[BlackElo "2347"]
[PlyCount "110"]
[EventDate "2018.09.24"]
[EventType "team-swiss"]
[EventRounds "11"]
[EventCountry "GEO"]
[SourceTitle "Ajedrez en Madrid"]
[Source "lmi"]
[SourceDate "2018.09.24"]
[WhiteTeam "Hungary"]
[BlackTeam "Vietnam"]
[WhiteTeamCountry "HUN"]
[BlackTeamCountry "VIE"]

1. e4 c5 2. Nf3 a6 3. c3 d5 4. exd5 Qxd5 5. d4 e6 6. Be2 Nf6 7. O-O Nc6 8. Be3
cxd4 9. Nxd4 Nxd4 10. Bxd4 Bc5 11. Bf3 Qd6 12. Na3 Bxd4 13. cxd4 O-O 14. Nc4
Qb4 15. Rc1 Rb8 16. a3 Qe7 17. Nb6 Bd7 18. Qd2 Bb5 19. Rfd1 Qd8 20. Qa5 Nd7 21.
a4 Bxa4 22. Qxa4 Nxb6 23. Qa3 Re8 24. Rc5 Re7 25. g3 Rd7 26. Qb3 Rd6 27. Kg2 h6
28. h4 Nd7 29. Rc3 Nf6 30. Rdc1 b5 31. Qa2 a5 32. Rc7 a4 33. Qa3 Rd7 34. R7c5
Rxd4 35. Bb7 Qb6 36. Rc8+ Rd8 37. Rxb8 Rxb8 38. Bf3 Rd8 39. Rc2 Qd4 40. Qe7 Rf8
41. Qb7 b4 42. Qa6 b3 43. Rc4 Qxb2 44. Qxa4 Rd8 45. Rb4 Rd2 46. Rb8+ Kh7 47.
Be4+ g6 48. Qa7 Nxe4 49. Qxf7+ Qg7 50. Qxe6 Rxf2+ 51. Kh3 Nc5 52. Qc6 b2 53. h5
Qd7+ 54. Qxd7+ Nxd7 55. Rb7 Rd2 0-1

[Event "43. Olimpiada Batumi 2018 Femenina"]
[Site "Batumi GEO"]
[Date "2018.10.04"]
[Round "10.3"]
[White "Nguyen, Thi Mai Hung"]
[Black "Gara, Ticia"]
[Result "1/2-1/2"]
[WhiteElo "2244"]
[BlackElo "2321"]
[PlyCount "76"]
[EventDate "2018.09.24"]
[EventType "team-swiss"]
[EventRounds "11"]
[EventCountry "GEO"]
[SourceTitle "Ajedrez en Madrid"]
[Source "lmi"]
[SourceDate "2018.09.24"]
[WhiteTeam "Vietnam"]
[BlackTeam "Hungary"]
[WhiteTeamCountry "VIE"]
[BlackTeamCountry "HUN"]

1. d4 Nf6 2. c4 c5 3. d5 e6 4. Nc3 exd5 5. cxd5 d6 6. e4 g6 7. Nf3 Bg7 8. Be2
O-O 9. Bf4 b5 10. Nd2 a6 11. Qc2 Re8 12. O-O b4 13. Na4 Nxd5 14. exd5 Rxe2 15.
Qd1 Re8 16. Nc4 Re4 17. Qc1 Bd7 18. Nxd6 Bxa4 19. Nxe4 Qxd5 20. Re1 Nd7 21. Bh6
Bd4 22. Rb1 Bc6 23. Qg5 f5 24. Nd2 Nf6 25. Nf3 Ng4 26. Re2 Bf6 27. Qf4 Qxa2 28.
Rbe1 Nxh6 29. Qxh6 Bg7 30. Qh4 Qd5 31. Re7 Rf8 32. Qh3 h6 33. Ne5 Be8 34. Nd3
Bf7 35. Ne5 Be8 36. Nd3 Bf7 37. Ne5 Be8 38. Nd3 Bf7 1/2-1/2

[Event "43. Olimpiada Batumi 2018 Femenina"]
[Site "Batumi GEO"]
[Date "2018.10.04"]
[Round "10.4"]
[White "Lakos, Nikoletta"]
[Black "Bach, Ngoc Thuy Duong"]
[Result "1/2-1/2"]
[WhiteElo "2258"]
[BlackElo "2161"]
[PlyCount "50"]
[EventDate "2018.09.24"]
[EventType "team-swiss"]
[EventRounds "11"]
[EventCountry "GEO"]
[SourceTitle "Ajedrez en Madrid"]
[Source "lmi"]
[SourceDate "2018.09.24"]
[WhiteTeam "Hungary"]
[BlackTeam "Vietnam"]
[WhiteTeamCountry "HUN"]
[BlackTeamCountry "VIE"]

1. e4 c5 2. Nf3 d6 3. Bb5+ Nc6 4. d4 cxd4 5. Qxd4 Bd7 6. Qd3 e6 7. c4 a6 8.
Bxc6 Bxc6 9. Nc3 Nf6 10. Nd4 Rc8 11. O-O Be7 12. b3 O-O 13. Bb2 Qc7 14. Rfe1
Rfd8 15. Rac1 Qb6 16. h3 Nd7 17. Rcd1 Ne5 18. Qd2 Ng6 19. Kh1 Bf6 20. Nxc6 Qxc6
21. Na4 Be7 22. Qd4 Bf6 23. Qd2 Be7 24. Qd4 Bf6 25. Qd2 Be7 1/2-1/2

[Event "43. Olimpiada Batumi 2018 Femenina"]
[Site "Batumi GEO"]
[Date "2018.10.04"]
[Round "10.1"]
[White "Vega Gutierrez, Sabrina"]
[Black "Saduakassova, Dinara"]
[Result "0-1"]
[WhiteElo "2404"]
[BlackElo "2474"]
[PlyCount "172"]
[EventDate "2018.09.24"]
[EventType "team-swiss"]
[EventRounds "11"]
[EventCountry "GEO"]
[SourceTitle "Ajedrez en Madrid"]
[Source "lmi"]
[SourceDate "2018.09.24"]
[WhiteTeam "Spain"]
[BlackTeam "Kazakhstan"]
[WhiteTeamCountry "ESP"]
[BlackTeamCountry "KAZ"]

1. e4 e5 2. Nf3 Nc6 3. Bb5 a6 4. Ba4 Nf6 5. O-O Be7 6. Re1 b5 7. Bb3 O-O 8. h3
d5 9. exd5 Nxd5 10. Nxe5 Nxe5 11. Rxe5 Bb7 12. d4 Bf6 13. Re2 Qd6 14. c3 Rad8
15. Na3 c5 16. dxc5 Qxc5 17. Qf1 a5 18. Nxb5 Qxb5 19. c4 Qb6 20. cxd5 Ba6 21.
Be3 Qb4 22. Rc1 a4 23. Bc5 Qf4 24. Be3 Qe4 25. Bc2 Qxd5 26. Bxa4 Qxa2 27. Ra1
Qc4 28. Rc2 Qxc2 29. Bxc2 Bxf1 30. Kxf1 Bxb2 31. Ra4 Ra8 32. Rxa8 Rxa8 33. Ke2
g6 34. h4 Ra5 35. g4 h5 36. f3 Kg7 37. Bd3 Bf6 38. Bf2 Ra2+ 39. Kf1 Be5 40. Bc4
Rc2 41. Bd3 Rd2 42. Be2 Bf4 43. Be1 Rc2 44. Bd3 Rc1 45. Ke2 Kf6 46. Bf2 Rh1 47.
Bd4+ Ke7 48. Bc5+ Bd6 49. Bf2 Kf8 50. Be4 Be7 51. g5 Ra1 52. f4 Ra4 53. Kf3 Bd6
54. Be3 Bb4 55. Bf2 Bd2 56. Bg3 Ra3+ 57. Kg2 Re3 58. Bf3 Be1 59. Bxe1 Rxe1 60.
f5 gxf5 61. Bxh5 Kg7 62. Kg3 Rg1+ 63. Kf4 Rh1 64. Kxf5 Rxh4 65. Bf3 Ra4 66. Be4
Ra1 67. Ke5 Rf1 68. Bf5 Rg1 69. Kf4 Kf8 70. Bd3 Ke7 71. Kf5 Rg2 72. Be4 Rf2+
73. Ke5 Rf1 74. Bd3 Ra1 75. Be4 Ra5+ 76. Kf4 Ke6 77. Bc2 Rb5 78. Bd3 Rb4+ 79.
Be4 Ra4 80. Kf3 Ke5 81. Bh7 Ra3+ 82. Kg4 Ra1 83. g6 Rg1+ 84. Kh5 f5 85. Kh6 Kf6
86. g7 Rh1# 0-1

[Event "43. Olimpiada Batumi 2018 Femenina"]
[Site "Batumi GEO"]
[Date "2018.10.04"]
[Round "10.2"]
[White "Abdumalik, Zhansaya"]
[Black "Garcia Martin, Marta"]
[Result "1/2-1/2"]
[WhiteElo "2482"]
[BlackElo "2329"]
[PlyCount "107"]
[EventDate "2018.09.24"]
[EventType "team-swiss"]
[EventRounds "11"]
[EventCountry "GEO"]
[SourceTitle "Ajedrez en Madrid"]
[Source "lmi"]
[SourceDate "2018.09.24"]
[WhiteTeam "Kazakhstan"]
[BlackTeam "Spain"]
[WhiteTeamCountry "KAZ"]
[BlackTeamCountry "ESP"]

1. e4 c6 2. d4 d5 3. Nd2 dxe4 4. Nxe4 Nf6 5. Nxf6+ exf6 6. c3 Bd6 7. Bd3 O-O 8.
Qc2 Re8+ 9. Ne2 h5 10. O-O h4 11. h3 Nd7 12. Be3 Nf8 13. Rad1 Bc7 14. c4 Qd6
15. Bf4 Rxe2 16. Bxd6 Rxc2 17. Ba3 Bf5 18. Bxf5 Re2 19. Bg4 Ree8 20. d5 cxd5
21. cxd5 Rad8 22. d6 Bb6 23. Rfe1 Rxe1+ 24. Rxe1 Ne6 25. Bxe6 fxe6 26. Rxe6 Rd7
27. Kf1 Bd8 28. Ke2 Kf7 29. Re4 f5 30. Re5 g6 31. f4 Bf6 32. Re3 Bg7 33. Kf3
Bf8 34. Rd3 Ke6 35. g3 Bxd6 36. gxh4 Bxa3 37. Rxa3 Rd2 38. Rxa7 Rxb2 39. Kg3
Kf6 40. Ra3 Kg7 41. h5 gxh5 42. Kh4 Kg6 43. Rg3+ Kf6 44. Ra3 Rb4 45. Rf3 Kg6
46. a3 Ra4 47. Kg3 b5 48. Rb3 h4+ 49. Kf3 Kf6 50. Re3 Rc4 51. Rb3 Ra4 52. Re3
Rc4 53. Rb3 Ra4 54. Re3 1/2-1/2

[Event "43. Olimpiada Batumi 2018 Femenina"]
[Site "Batumi GEO"]
[Date "2018.10.04"]
[Round "10.3"]
[White "Matnadze, Ana"]
[Black "Nakhbayeva, Guliskhan"]
[Result "1-0"]
[WhiteElo "2362"]
[BlackElo "2394"]
[PlyCount "121"]
[EventDate "2018.09.24"]
[EventType "team-swiss"]
[EventRounds "11"]
[EventCountry "GEO"]
[SourceTitle "Ajedrez en Madrid"]
[Source "lmi"]
[SourceDate "2018.09.24"]
[WhiteTeam "Spain"]
[BlackTeam "Kazakhstan"]
[WhiteTeamCountry "ESP"]
[BlackTeamCountry "KAZ"]

1. Nf3 d5 2. g3 c6 3. Bg2 Bg4 4. O-O Nd7 5. h3 Bh5 6. d4 e6 7. c4 Ngf6 8. cxd5
cxd5 9. Qb3 Qb6 10. Nc3 Qxb3 11. axb3 a6 12. e4 Nb6 13. Ne5 dxe4 14. Nxe4 Nfd5
15. Nc4 O-O-O 16. Bg5 f6 17. Nxb6+ Nxb6 18. Rfc1+ Kb8 19. Bf4+ Ka7 20. Nc5 Bxc5
21. dxc5 Nd5 22. Bd2 Be8 23. Ba5 Rc8 24. Re1 Rxc5 25. Rxe6 Bc6 26. b4 Rc4 27.
b5 Bd7 28. Rd6 Bxb5 29. Bxd5 Rc2 30. Bc3 Re8 31. Bf3 Kb8 32. Bd1 Rxc3 33. bxc3
Re1+ 34. Kh2 Bc6 35. g4 g5 36. f3 Bxf3 37. Kg3 Bc6 38. Kf2 Rh1 39. Rxf6 Rh2+
40. Ke3 Rxh3+ 41. Kd4 Rh1 42. Rb1 Ka7 43. Bc2 Rh4 44. Bf5 a5 45. Kc5 h5 46. Ra1
a4 47. Rxc6 bxc6 48. Kxc6 Rh3 49. Rxa4+ Kb8 50. Rb4+ Ka7 51. c4 hxg4 52. Kc7
Ra3 53. Rb7+ Ka6 54. Rb6+ Ka7 55. Rb7+ Ka6 56. Rb8 Ka5 57. Ra8+ Kb4 58. Rxa3
Kxa3 59. Kd6 g3 60. Be4 Kb4 61. c5 1-0

[Event "43. Olimpiada Batumi 2018 Femenina"]
[Site "Batumi GEO"]
[Date "2018.10.04"]
[Round "10.4"]
[White "Serikbay, Assel"]
[Black "Calzetta Ruiz, Monica"]
[Result "1/2-1/2"]
[WhiteElo "2125"]
[BlackElo "2235"]
[PlyCount "114"]
[EventDate "2018.09.24"]
[EventType "team-swiss"]
[EventRounds "11"]
[EventCountry "GEO"]
[SourceTitle "Ajedrez en Madrid"]
[Source "lmi"]
[SourceDate "2018.09.24"]
[WhiteTeam "Kazakhstan"]
[BlackTeam "Spain"]
[WhiteTeamCountry "KAZ"]
[BlackTeamCountry "ESP"]

1. d4 Nf6 2. c4 c5 3. d5 b5 4. cxb5 a6 5. bxa6 g6 6. Nc3 Bg7 7. e4 O-O 8. a7
Rxa7 9. Nf3 e6 10. Be2 exd5 11. exd5 d6 12. O-O Na6 13. Nb5 Rd7 14. Bc4 Bb7 15.
Qb3 Qa8 16. Rd1 Nc7 17. Nxc7 Rxc7 18. Bf4 Rd8 19. a4 Ba6 20. Nd2 Rb7 21. Qd3
Rb4 22. Bg5 Bxc4 23. Nxc4 Rxa4 24. Rac1 Rb8 25. Bxf6 Bxf6 26. Nxd6 Bxb2 27. Qf3
Qa7 28. Rc4 Ra1 29. Ne4 Qa2 30. Rc2 Qa4 31. Rcd2 Re8 32. Ng3 Re1+ 33. Rxe1
Rxe1+ 34. Nf1 c4 35. Re2 Rb1 36. d6 Qd1 37. Re8+ Kg7 38. Qxd1 Rxd1 39. Rc8 c3
40. g3 Rxd6 41. Ne3 h5 42. h4 Kf6 43. Rc7 Ke6 44. Kf1 f6 45. Ke2 Rd2+ 46. Ke1
Rd7 47. Rc6+ Rd6 48. Rc7 Bc1 49. Nd1 Rd3 50. Rc8 Kd7 51. Rc4 g5 52. Nxc3 Bd2+
53. Ke2 Rxc3 54. Rd4+ Ke6 55. Kxd2 Ra3 56. Ke2 Kf5 57. Kf1 Rb3 1/2-1/2

[Event "43. Olimpiada Batumi 2018 Femenina"]
[Site "Batumi GEO"]
[Date "2018.10.04"]
[Round "10.1"]
[White "Dzagnidze, Nana"]
[Black "Olsarova, Karolina"]
[Result "1-0"]
[WhiteElo "2509"]
[BlackElo "2303"]
[PlyCount "57"]
[EventDate "2018.09.24"]
[EventType "team-swiss"]
[EventRounds "11"]
[EventCountry "GEO"]
[SourceTitle "Ajedrez en Madrid"]
[Source "lmi"]
[SourceDate "2018.09.24"]
[WhiteTeam "Georgia 1"]
[BlackTeam "Czech Republic"]
[BlackTeamCountry "CZE"]

1. e4 e5 2. Nf3 Nc6 3. Bb5 Nf6 4. d3 Bc5 5. Bxc6 dxc6 6. Be3 Qe7 7. Nc3 Bg4 8.
h3 Bh5 9. g4 Bg6 10. Qe2 O-O-O 11. Bxc5 Qxc5 12. Qe3 Qxe3+ 13. fxe3 Rhe8 14.
O-O-O Nd7 15. Ne2 Nf8 16. Ng3 f6 17. h4 h6 18. g5 hxg5 19. hxg5 Nd7 20. Nh4 Bf7
21. g6 Be6 22. Nhf5 Bxf5 23. Nxf5 Kb8 24. Rh7 Rh8 25. Rdh1 Rxh7 26. Rxh7 Rg8
27. Ne7 Re8 28. Rxg7 Nc5 29. Rg8 1-0

[Event "43. Olimpiada Batumi 2018 Femenina"]
[Site "Batumi GEO"]
[Date "2018.10.04"]
[Round "10.2"]
[White "Worek, Joanna"]
[Black "Batsiashvili, Nino"]
[Result "1-0"]
[WhiteElo "2295"]
[BlackElo "2482"]
[PlyCount "143"]
[EventDate "2018.09.24"]
[EventType "team-swiss"]
[EventRounds "11"]
[EventCountry "GEO"]
[SourceTitle "Ajedrez en Madrid"]
[Source "lmi"]
[SourceDate "2018.09.24"]
[WhiteTeam "Czech Republic"]
[BlackTeam "Georgia 1"]
[WhiteTeamCountry "CZE"]

1. e4 e5 2. Nf3 Nc6 3. Bc4 Bc5 4. c3 Nf6 5. d4 exd4 6. e5 d5 7. Bb5 Ne4 8. cxd4
Bb6 9. Be3 O-O 10. Nc3 Bg4 11. h3 Bh5 12. Qc2 Bg6 13. Qb3 Nxc3 14. Bxc6 bxc6
15. Qxc3 Qd7 16. a4 a5 17. O-O f6 18. exf6 gxf6 19. Bh6 Rfe8 20. Rfe1 Re4 21.
Be3 Rae8 22. Rac1 R4e6 23. Nd2 Qg7 24. Kh2 Kh8 25. b4 axb4 26. Qxb4 Rg8 27. a5
Bf5 28. g3 Ba7 29. Qb7 Rxe3 30. Rxe3 Bxd4 31. Nf1 Qh6 32. h4 Bxe3 33. fxe3 d4
34. Qxc6 d3 35. a6 Qg6 36. Qxc7 Be4 37. Qf4 f5 38. Qe5+ Qg7 39. Qxg7+ Kxg7 40.
a7 Kg6 41. Rc7 h5 42. Kg1 Kf6 43. Kf2 Ke6 44. Nd2 Ra8 45. Nc4 Rd8 46. Ke1 Rg8
47. Nd2 Bd5 48. Rc5 Ra8 49. Ra5 Kd6 50. Nb1 Kc6 51. Nc3 Bc4 52. Kd2 Kb7 53. Rc5
Ba6 54. Rxf5 Kxa7 55. Rf7+ Kb6 56. Nd5+ Ka5 57. Nc7 Rg8 58. Rf5+ Kb6 59. Nxa6
Kxa6 60. Rg5 Rd8 61. Rxh5 Kb6 62. Rg5 Kc6 63. h5 Kd6 64. Kxd3 Ke6+ 65. Ke4 Ra8
66. Rg6+ Kf7 67. Kf4 Ra4+ 68. e4 Ra1 69. Rb6 Rf1+ 70. Kg5 Re1 71. Rb7+ Kf8 72.
h6 1-0

[Event "43. Olimpiada Batumi 2018 Femenina"]
[Site "Batumi GEO"]
[Date "2018.10.04"]
[Round "10.3"]
[White "Khotenashvili, Bela"]
[Black "Petrova, Kristyna"]
[Result "1-0"]
[WhiteElo "2469"]
[BlackElo "2248"]
[PlyCount "65"]
[EventDate "2018.09.24"]
[EventType "team-swiss"]
[EventRounds "11"]
[EventCountry "GEO"]
[SourceTitle "Ajedrez en Madrid"]
[Source "lmi"]
[SourceDate "2018.09.24"]
[WhiteTeam "Georgia 1"]
[BlackTeam "Czech Republic"]
[BlackTeamCountry "CZE"]

1. d4 Nf6 2. Nf3 g6 3. Nc3 d5 4. Bf4 Bg7 5. Nb5 Na6 6. e3 Nh5 7. Bg5 h6 8. Bh4
c6 9. Nc3 Nc7 10. h3 Nf6 11. Bd3 Ne6 12. O-O g5 13. Bg3 h5 14. h4 g4 15. Ne5
Nd7 16. Nxd7 Bxd7 17. Ne2 c5 18. c3 Qb6 19. Rb1 Bf6 20. a4 Bc6 21. Bf5 Bd7 22.
b4 cxd4 23. cxd4 Ng7 24. Bxd7+ Kxd7 25. a5 Qb5 26. Nc3 Qc6 27. Qb3 e6 28. Rbc1
Rhc8 29. Ne4 Qxc1 30. Nc5+ Rxc5 31. bxc5 Qxf1+ 32. Kxf1 Kc8 33. a6 1-0

[Event "43. Olimpiada Batumi 2018 Femenina"]
[Site "Batumi GEO"]
[Date "2018.10.04"]
[Round "10.4"]
[White "Novosadova, Kristyna"]
[Black "Arabidze, Meri"]
[Result "1-0"]
[WhiteElo "2231"]
[BlackElo "2404"]
[PlyCount "61"]
[EventDate "2018.09.24"]
[EventType "team-swiss"]
[EventRounds "11"]
[EventCountry "GEO"]
[SourceTitle "Ajedrez en Madrid"]
[Source "lmi"]
[SourceDate "2018.09.24"]
[WhiteTeam "Czech Republic"]
[BlackTeam "Georgia 1"]
[WhiteTeamCountry "CZE"]

1. e4 e5 2. Nf3 Nc6 3. d4 exd4 4. Bc4 Nf6 5. e5 d5 6. Bb5 Ne4 7. Nxd4 Bd7 8.
Bxc6 bxc6 9. O-O Bc5 10. f3 Ng5 11. f4 Ne4 12. Be3 Qb8 13. Nd2 Qxb2 14. Nxe4
dxe4 15. Qd2 Qb4 16. c3 Qc4 17. f5 O-O 18. Nb3 Bxe3+ 19. Qxe3 Rae8 20. f6 h6
21. Rad1 Bc8 22. Rd4 Qb5 23. Rxe4 Kh7 24. fxg7 Kxg7 25. Rf6 Rh8 26. Qg3+ Kf8
27. Rxf7+ Kxf7 28. Rf4+ Bf5 29. Rxf5+ Ke7 30. Qh4+ Kd7 31. e6+ 1-0

[Event "43. Olimpiada Batumi 2018 Femenina"]
[Site "Batumi GEO"]
[Date "2018.10.04"]
[Round "10.1"]
[White "Badelka, Olga"]
[Black "Unuk, Laura"]
[Result "1/2-1/2"]
[WhiteElo "2404"]
[BlackElo "2299"]
[PlyCount "130"]
[EventDate "2018.09.24"]
[EventType "team-swiss"]
[EventRounds "11"]
[EventCountry "GEO"]
[SourceTitle "Ajedrez en Madrid"]
[Source "lmi"]
[SourceDate "2018.09.24"]
[WhiteTeam "Belarus"]
[BlackTeam "Slovenia"]
[WhiteTeamCountry "BLR"]
[BlackTeamCountry "SLO"]

1. d4 d5 2. c4 c6 3. Nf3 Nf6 4. Nc3 dxc4 5. a4 Bf5 6. e3 e6 7. Bxc4 Nbd7 8. O-O
Bb4 9. Nh4 O-O 10. Nxf5 exf5 11. Qc2 g6 12. f3 Qb6 13. Bd2 a5 14. Kh1 Rac8 15.
Rad1 c5 16. Ba2 cxd4 17. exd4 Bd6 18. Qb3 Kg7 19. Nb5 Bb8 20. Rfe1 Rce8 21.
Rxe8 Nxe8 22. Bg5 Ndf6 23. Qe3 Ng8 24. Re1 Nd6 25. Nxd6 Qxd6 26. g3 Qb4 27. Qc3
Qxa4 28. Bb3 Qb4 29. Bd2 Qxc3 30. Bxc3 Bc7 31. d5+ f6 32. Rc1 Rd8 33. Bd4 Be5
34. Bb6 Ra8 35. Ba4 f4 36. Rd1 Bd6 37. Re1 Ra6 38. Bd4 Be5 39. Bc5 Bd6 40. Bg1
Bb4 41. Re8 fxg3 42. hxg3 Rd6 43. g4 Nh6 44. Re7+ Kf8 45. Rxb7 Rxd5 46. Be3 g5
47. Kg2 Rd3 48. Kf2 Nf7 49. Ke2 Rd8 50. Bb3 Ne5 51. Rxh7 Rd7 52. Rh8+ Ke7 53.
Ba4 Rd8 54. Rh7+ Kd6 55. Bd4 Bc5 56. Bc3 Bb4 57. Ra7 Bxc3 58. bxc3 Rc8 59. Ra6+
Ke7 60. Ra7+ Kd6 61. Ra6+ Ke7 62. Ra7+ Kf8 63. Ra6 Ke7 64. Ra7+ Kd6 65. Ra6+
Ke7 1/2-1/2

[Event "43. Olimpiada Batumi 2018 Femenina"]
[Site "Batumi GEO"]
[Date "2018.10.04"]
[Round "10.2"]
[White "Janzelj, Lara"]
[Black "Stetsko, Lanita"]
[Result "1/2-1/2"]
[WhiteElo "2254"]
[BlackElo "2188"]
[PlyCount "84"]
[EventDate "2018.09.24"]
[EventType "team-swiss"]
[EventRounds "11"]
[EventCountry "GEO"]
[SourceTitle "Ajedrez en Madrid"]
[Source "lmi"]
[SourceDate "2018.09.24"]
[WhiteTeam "Slovenia"]
[BlackTeam "Belarus"]
[WhiteTeamCountry "SLO"]
[BlackTeamCountry "BLR"]

1. Nf3 Nf6 2. c4 e6 3. Nc3 d5 4. e3 a6 5. b3 b6 6. Bb2 Bb7 7. Be2 Nbd7 8. O-O
Bd6 9. cxd5 exd5 10. Nd4 Be5 11. Nf5 Ne4 12. d4 Nxc3 13. Bxc3 Bf6 14. Rc1 g6
15. Ng3 O-O 16. Bf3 Re8 17. Ne2 Bg7 18. Nf4 Nf6 19. Bb4 Ne4 20. Qc2 Rc8 21. Bg4
f5 22. Be2 c5 23. dxc5 bxc5 24. Be1 Qg5 25. Bf3 Kh8 26. Qd1 d4 27. Nh3 Qe7 28.
exd4 cxd4 29. Rxc8 Rxc8 30. Nf4 Nc3 31. Bxc3 dxc3 32. Bxb7 Qxb7 33. Qc2 Qe4 34.
Nd3 Re8 35. h3 Rd8 36. Rd1 Bf6 37. Kf1 Kg7 38. Qe2 Qxe2+ 39. Kxe2 Re8+ 40. Kf1
Rd8 41. Ke2 Re8+ 42. Kf1 Rd8 1/2-1/2

[Event "43. Olimpiada Batumi 2018 Femenina"]
[Site "Batumi GEO"]
[Date "2018.10.04"]
[Round "10.3"]
[White "Kusenkova, Natallia"]
[Black "Krivec, Jana"]
[Result "1/2-1/2"]
[WhiteElo "2167"]
[BlackElo "2185"]
[PlyCount "68"]
[EventDate "2018.09.24"]
[EventType "team-swiss"]
[EventRounds "11"]
[EventCountry "GEO"]
[SourceTitle "Ajedrez en Madrid"]
[Source "lmi"]
[SourceDate "2018.09.24"]
[WhiteTeam "Belarus"]
[BlackTeam "Slovenia"]
[WhiteTeamCountry "BLR"]
[BlackTeamCountry "SLO"]

1. d4 f5 2. g3 Nf6 3. Bg2 e6 4. c4 d6 5. Nf3 Be7 6. O-O O-O 7. Nc3 Ne4 8. Nxe4
fxe4 9. Nd2 d5 10. f3 Nc6 11. fxe4 Rxf1+ 12. Kxf1 dxc4 13. Nf3 b5 14. Be3 Qf8
15. Kg1 Bb7 16. Bh3 Qf7 17. Qd2 Qg6 18. d5 Bb4 19. Qc2 exd5 20. Bf5 Qe8 21. Ng5
Nd8 22. Bxh7+ Kh8 23. Rf1 Ne6 24. Nxe6 Qxe6 25. Bf5 Qe7 26. Rf4 Rf8 27. Rh4+
Kg8 28. Bh7+ Kf7 29. e5 Ke8 30. Qg6+ Kd7 31. Qg4+ Kc6 32. Qg6+ Kd7 33. Qg4+ Kc6
34. Qg6+ Kd7 1/2-1/2